Service charge study update 2006 (Record no. 106464)

MARC details
000 -LEADER
fixed length control field 01264cam a2200229 4500
001 - CONTROL NUMBER
control field L136658
008 - FIXED-LENGTH DATA ELEMENTS--GENERAL INFORMATION
fixed length control field 110527n2006 000 0 eng u
020 ## - INTERNATIONAL STANDARD BOOK NUMBER
International Standard Book Number 0995189528
035 ## - SYSTEM CONTROL NUMBER
System control number (Sirsi) u136658
041 0# - LANGUAGE CODE
Language code of text/sound track or separate title eng
100 1# - MAIN ENTRY--PERSONAL NAME
Personal name Calvert, John R.
245 00 - TITLE STATEMENT
Title Service charge study update 2006
Medium [electronic resource]
260 ## - PUBLICATION, DISTRIBUTION, ETC.
Place of publication, distribution, etc. Loughborough
Name of publisher, distributor, etc. Loughborough University Enterprises
Date of publication, distribution, etc. 2006
520 ## - SUMMARY, ETC.
Summary, etc. Discusses how the UK multi-let office industry measures up to the requirements of seven standards included in the RICS Code of Practice. Concludes that the industry is a long way from best practice with regards to budget delivery, delivery of certificates, fixed cost management fees, interest credited to service charge accounts, standard cost headings and budget accuracy.
590 ## - LOCAL NOTE (RLIN)
Local note KA
650 24 - SUBJECT ADDED ENTRY--TOPICAL TERM
Topical term or geographic name entry element LOUGHBOROUGH REPORT ON COMMERCIAL PROPERTY SERVICE CHARGES
651 #4 - SUBJECT ADDED ENTRY--GEOGRAPHIC NAME
Geographic name United Kingdom
Chronological subdivision
690 ## - LOCAL SUBJECT ADDED ENTRY--TOPICAL TERM (OCLC, RLIN)
Topical term or geographic name as entry element PROPERTY-COMMERCIAL PROPERTY-OFFICE PROPERTY-OFFICES
690 ## - LOCAL SUBJECT ADDED ENTRY--TOPICAL TERM (OCLC, RLIN)
Topical term or geographic name as entry element PROPERTY-COMMERCIAL PROPERTY-COMMERCIAL LANDLORD AND TENANT-COMMERCIAL SERVICE CHARGES
856 48 - ELECTRONIC LOCATION AND ACCESS
Uniform Resource Identifier <a href="https://www.property-solutions.co.uk/site_media/uploads/The_Truth_About_Service_Charges.pdf">https://www.property-solutions.co.uk/site_media/uploads/The_Truth_About_Service_Charges.pdf</a>
Public note View the item free of charge at www.property-solutions.co.uk
942 ## - ADDED ENTRY ELEMENTS (KOHA)
Suppress in OPAC 0
Holdings
Withdrawn status Lost status Source of classification or shelving scheme Damaged status Not for loan Home library Current library Shelving location Date acquired Total Checkouts Full call number Barcode Date last seen Copy number Price effective from Koha item type
    Dewey Decimal Classification     Virtual Virtual Online 14/02/2007   ONLINE PUBLICATION 136658-1001 06/08/2019 1 06/08/2019 Book